Ils ont joué pour Lyon et Saint-Étienne - Mort Subite - Statistiques

Statistiques générales
  • Ce quiz a été pris 232 fois
    199 depuis la dernière actualisation
  • Le résultat moyen est 7 sur 12
Answers on the Grid
Answers color-coded by a green-red scale on the quiz's grid according to % correct below.
Bafétimbi Gomis
Pierre-Emerick Aubameyang
Maxime Gonalons
Grégory Coupet
Mathieu Bodmer
Jordan Veretout
Jérémy Toulalan
Timothée Kolodziejczak
Brandão
Stephane Ruffier
Bernard Lacombe
François Clerc
Pierre-Yves Polomat
Aimé Jacquet
Lenny Pintor
Willem Geubbels
Frédéric Piquionne
Jérémy Clément
Steed Malbranque
Joshua Guilavogui
 
Statistiques - réponses
Réponse % Correct
Bafétimbi Gomis
91%
Grégory Coupet
61%
Jordan Veretout
58%
François Clerc
57%
Timothée Kolodziejczak
57%
Frédéric Piquionne
52%
Jérémy Clément
52%
Bernard Lacombe
48%
Lenny Pintor
47%
Steed Malbranque
44%
Mathieu Bodmer
43%
Aimé Jacquet
40%
Aucun quiz correspondant
Distribution des résultats
% des personnes avec chaque résultat
Percentile par nombre de réponses
Votre historique - résultats
Vous n’avez pas pris ce quiz depuis la dernière actualisation